000
00359nam a2200169Ia 4500
100
_a
Kay/David C
650
_a
Calculus
942
_c
BK
366
_f
25
654
_a
tensor
245
_a
Tensor calculus: Schaums outline
260
_b
Tata McGraw Hil
_c
1988
082
_a
515.35
_b
KAY
300
_a
228
546
_a
ENGLISH
_c
production
999
_c
27598
_d
27598